| 000 | 00541cam a22002171 4500 | ||
|---|---|---|---|
| 001 | sa 68000108 | ||
| 003 | DLC | ||
| 005 | 20260227112420.0 | ||
| 008 | 881102s1967 xx 000 0 hinr | ||
| 010 | _asa 68000108 | ||
| 035 | _a(OCoLC)23537862 | ||
| 040 |
_aDLC _cMiU _dDLC |
||
| 042 | _apremarc | ||
| 050 | 0 | 0 |
_aPK1828.A2 _bP3 |
| 100 | 1 |
_aPāṇḍeya, Rāmabalī, _ecomp. |
|
| 245 | 1 | 0 | _aBhairavī kā sāja. |
| 260 |
_a[n.p.] _c[1967] |
||
| 300 |
_a3, 122 p. _c22 cm. |
||
| 500 | _aRomanized. | ||
| 650 | 0 | _aShort stories, Bhojpuri | |
| 999 |
_c76951 _d76951 |
||